| 000 | 00975nas a2200313 4500 | ||
|---|---|---|---|
| 001 | BR0906357 | ||
| 003 | BR-BrBNA | ||
| 005 | 20231205113513.0 | ||
| 007 | ta | ||
| 008 | 230509b bl.|||p| |||| 00| 00por d | ||
| 040 |
_aBR-BrBNA _bpor _cBiblioteca Nacional de Agricultura |
||
| 041 | _a(Pt) | ||
| 072 | _aF04 | ||
| 100 | 1 | _aSilva, P.H.M. da | |
| 100 | 1 | _aPoggiani, F. | |
| 100 | 1 | _aStape, J.L. | |
| 100 | 1 | _aBrito, J.O. | |
| 100 | 1 | _aMoreira, R.M. | |
| 245 | 1 | _aProdução de óleo essencial e balanço nutricional em Corymbia citriodora adubado com lodo de esgoto em diferentes espaçamentos | |
| 650 | _aARVORE ANGIOSPERMA | ||
| 650 | _aOLEO ESSENCIAL | ||
| 650 | _aLODO DE ESGOTO | ||
| 650 | _aADUBAÇÃO | ||
| 650 | _aESPAÇAMENTO | ||
| 773 | 0 |
_tCerne (Brazil) _xISSN 0104-7760 _g(Jul-Sep 2009), v. 15(3) p. 346-354 _wBR0906357 |
|
| 856 | 4 | 0 | _uhttp://www.aprh.pt/rgci-155_Borges.pdf |
| 909 |
_a202311 _bLúcia _c55 _dLúcia Elande |
||
| 942 |
_2AGRIS _n0 _cANA |
||
| 999 |
_c204130 _d204130 |
||